| 000 | 00368nam a2200145Ia 4500 | ||
|---|---|---|---|
| 008 | 210210b1977 xxu||||| |||| 00| 0 eng d | ||
| 082 | _a956 ROYS | ||
| 100 | _aROY (S L). | ||
| 245 | _aShort history of the middle east. Rev Ed 3. | ||
| 250 | _a | ||
| 260 |
_aCalcutta. _bCharu Publishing Co., _c1977 |
||
| 300 | _a80,4 | ||
| 690 | _aAsian History | ||
| 906 | _aSG00740 | ||
| 999 |
_c112270 _d112270 |
||